000 00679nam a2200229Ia 4500
003 IN-BaIIA
008 211028s9999 xx 000 0 eng d
020 _a3-540-44257-X
040 _cIIA Library
080 _a524.834(082.2)
_bDAR
245 0 _aDark matter in astro- and particle physics
_cedited by H. V. Klapdor-Kleingrothaus and R. D. Violler
260 _aBerlin
_bSpringer-Verlag
_c2003
300 _axxv, 663p.
650 _aAGN
_921156
650 _aCosmic rays
650 _aCosmology
650 _aDark matter
_914945
650 _aMilky way
_96712
700 _aKlapdor-Kleingrothaus, H. V., ed.
_922769
700 _aVioller, R. D., ed.
_927242
942 _cBK
999 _c15017
_d15017